[Event "CHI-ch sf Centro"]
[Site "Santiago de Chile"]
[Date "2014.01.22"]
[Round "1"]
[White "Vergara Jofre, Felipe Andres"]
[Black "Hernandez Ducos, Juan Eduardo"]
[Result "1-0"]
[WhiteElo "1858"]
[BlackElo "2218"]
[PlyCount "95"]
[EventDate "2014.01.22"]
[EventType "swiss"]
[EventRounds "7"]
[EventCountry "CHI"]
[SourceTitle "CBM 158 Extra"]
[Source "ChessBase"]
[SourceDate "2014.02.28"]
[SourceVersion "1"]
[SourceVersionDate "2014.02.28"]
[SourceQuality "1"]

1. e4 c5 2. Nf3 Nc6 3. d4 cxd4 4. Nxd4 Nf6 5. Nc3 e5 6. Ndb5 d6 7. Bg5 a6 8. Na3 b5 9. Nd5 Be7 10. Bxf6 Bxf6 11. c4 b4 12. Nc2 Rb8 13. Qf3 Bg5 14. Be2 f5 15. h4 Bf6 16. exf5 0-0 17. Nxf6+ Qxf6 18. Qxc6 Bb7 19. Qd7 Bc8 20. Qc6 Bb7 21. Qd7 Bc8 22. Qa4 Qxf5 23. 0-0 Qe4 24. Bf3 Rxf3 25. gxf3 Qg6+ 26. Kh2 Qh5 27. Rh1 Bb7 28. Kg1 Qxf3 29. Rh2 Qg4+ 30. Kf1 Qxc4+ 31. Kg1 Bf3 32. Qb3 Qxb3 33. axb3 Rc8 34. Nxb4 Rb8 35. Nd3 Rxb3 36. Ra3 Rb5 37. Rh3 Bb7 38. Re3 e4 39. Nf4 Rf5 40. Reb3 Rxf4 41. Rxb7 Rxh4 42. Rxa6 h5 43. Rxd6 Rf4 44. Rb5 h4 45. Kf1 Kh7 46. Rh5+ Kg8 47. Rd1 g6 48. Re5 1-0

[Event "Internet Section 06B g/8'+2\""]
[Site "Dos Hermanas"]
[Date "2004.03.07"]
[Round "9"]
[White "Hernandez Ducos, Juan Eduardo"]
[Black "Pasanen, Tuomo Tapio"]
[Result "1-0"]
[WhiteElo "2219"]
[BlackElo "2047"]
[PlyCount "85"]
[EventDate "2004.03.06"]
[EventType "swiss (blitz)"]
[EventRounds "9"]
[EventCountry "ESP"]
[SourceTitle "CBM 099 Extra"]
[Source "ChessBase"]
[SourceDate "2004.05.04"]
[SourceVersion "1"]
[SourceVersionDate "2004.05.04"]
[SourceQuality "1"]

1. d4 Nf6 2. c4 e6 3. Nc3 c5 4. Nf3 cxd4 5. Nxd4 Nc6 6. g3 d5 7. cxd5 Nxd4 8. Qxd4 Nxd5 9. Nxd5 Qxd5 10. Qxd5 exd5 11. Bg2 Bb4+ 12. Bd2 Bxd2+ 13. Kxd2 Be6 14. Rhc1 Kd7 15. Ke3 Rac8 16. Kd4 Kd6 17. b3 b6 18. Bf3 f6 19. e3 Rhd8 20. Be2 h6 21. Ba6 Rc5 22. b4 Rxc1 23. Rxc1 Bd7 24. Bb7 Be6 25. Rc6+ Kd7 26. Rc3 Kd6 27. a3 Bf7 28. h4 g5 29. hxg5 hxg5 30. f3 Be6 31. Rc1 Rd7 32. Rc6+ Ke7 33. Rxe6+ Kxe6 34. Bc8 Kd6 35. Bxd7 Kxd7 36. Kxd5 a6 37. g4 a5 38. b5 a4 39. f4 Ke7 40. f5 Kd7 41. e4 Ke7 42. Kc6 Kd8 43. Kxb6 1-0

[Event "Internet Section 06B g/8'+2\""]
[Site "Dos Hermanas"]
[Date "2004.03.06"]
[Round "7"]
[White "Hernandez Ducos, Juan Eduardo"]
[Black "Barakat, Sayed"]
[Result "0-1"]
[WhiteElo "2203"]
[BlackElo "2670"]
[PlyCount "160"]
[EventDate "2004.03.06"]
[EventType "swiss (blitz)"]
[EventRounds "9"]
[EventCountry "ESP"]
[SourceTitle "CBM 099 Extra"]
[Source "ChessBase"]
[SourceDate "2004.05.04"]
[SourceVersion "1"]
[SourceVersionDate "2004.05.04"]
[SourceQuality "1"]

1. d4 e6 2. e4 d5 3. Nc3 Bb4 4. e5 c5 5. dxc5 Ne7 6. Nf3 Nd7 7. Bd3 Ng6 8. Bxg6 hxg6 9. 0-0 Bxc5 10. Re1 Rh5 11. Qd3 a6 12. Nxd5 exd5 13. e6 Nf8 14. exf7+ Kxf7 15. Ne5+ Kg8 16. c4 Be6 17. g4 Qh4 18. Qg3 Qxg3+ 19. hxg3 Rxe5 20. Rxe5 dxc4 21. Rxc5 b5 22. Bf4 Bxg4 23. Re1 Ne6 24. Rce5 Kf7 25. Bd2 Rd8 26. Bc3 Rd6 27. Kg2 Rd3 28. R5e3 Ng5 29. Rxd3 cxd3 30. Re3 Be2 31. f4 Ne6 32. b4 Nd4 33. g4 Nc2 34. Rg3 Ke6 35. Kf2 Kd5 36. f5 gxf5 37. gxf5 Ke4 38. Rxg7 Kxf5 39. Ra7 Ke4 40. Rxa6 Kd5 41. Ra8 Bg4 42. Bd2 Kc4 43. Rg8 Be2 44. Rc8+ Kd4 45. Rc5 Na3 46. Bc3+ Ke4 47. Re5+ Kf4 48. Rc5 Ke4 49. Ke1 Ke3 50. Bd2+ Kd4 51. Rf5 Nc2+ 52. Kf2 Na3 53. Rf4+ Kd5 54. Bc3 Nb1 55. Be1 Na3 56. Rf8 Bd1 57. Ke3 Bc2 58. Rd8+ Ke5 59. Bc3+ Ke6 60. Rxd3 Nc4+ 61. Kd4 Bxd3 62. Kxd3 Kd5 63. Be1 Nb2+ 64. Kc2 Na4 65. Bd2 Kc4 66. a3 Nb6 67. Be1 Nd5 68. Bd2 Nf6 69. Be1 Ne4 70. Kb2 Nd6 71. Bd2 Nf5 72. Be1 Kd3 73. Bf2 Kc4 74. Be1 Ne3 75. Bf2 Nd1+ 76. Kc2 Nxf2 77. Kd2 Kb3 78. Ke3 Nd1+ 79. Kd4 Kxa3 80. Kc5 Nc3 0-1